| 000 | 00708npc a2200217Ia 4500 | ||
|---|---|---|---|
| 001 | oms1-1134 [d000001074] | ||
| 003 | IT-MiCISF | ||
| 008 | 161014s9999||||xx | und|| | ||
| 040 |
_aIT-MiCISF _cIT-MiCISF |
||
| 041 | _aen | ||
| 100 | _aAA.VV. | ||
| 240 | _aCoordinated Action on Aging | ||
| 245 | 0 |
_aCoordinated Action on Aging _bReport of the first NGO/WHO Roundtable |
|
| 250 | _a1a ed. | ||
| 260 |
_a Brazzaville (Congo) _bOrganisation Mondiale de la Santé _c1988 |
||
| 300 | _app. 25 | ||
| 500 | _aOrganizzazioni non-governative - Organizzazione mondiale della sanità / anziani, servizi-anziani, comparazione / | ||
| 650 | _aterza-età | ||
| 942 | _cDD | ||
| 957 | _71 | ||
| 999 |
_a1134 _bsi _g1 _c206136 _d206136 |
||